000 02025nam a2200433 c 4500
003 BLK
005 20250330004145.0
008 180409b bul|||||r ||||||| ||bul||
010 _aKNG00109440000
020 _a954-496-059-7
_bиздат.: Орбел
040 _aBLK
041 _aBUL
_cBUL
080 _aБългарска литература
_b821.163.2
_x.09(092)
_z821.163.2.09(092)
080 _aБългарска литература
_b821.163.2
_x-1.09
_z821.163.2-1.09
080 _aБиографии
_b929
_x(497.2)
_z929(497.2)
100 1 _aКунчев, Божидар Богомилов
_eпърви автор
_9365067
139 _aКунчев, Божидар Богомилов
_bК 93
245 1 0 _aЧовешката участ в творчеството на Атанас Далчев, Александър Вутимски и Александър Геров
_cБожидар Богомилов Кунчев.
257 _aBGR
260 София
_bОрбел
_c2003
_fСофия : Ирис
300 _a272 с.
_c21 см
380 _a82
600 0 _aДалчев, Атанас Христов
_d1904-1978
_gПоет. Преводач от английски, френски, немски, испански, руски, гръцки и унгарски език.
_9363753
600 1 4 _aВутимски, Александър
_949507
600 1 4 _aГеров, Александър Цветков
_9365150
650 4 _aПоети, български - творчество
_9250545
650 4 _aБългарска литература - теми, образи, сюжети
_9242409
653 _aАтанас Далчев
653 _aАлександър Вутимски
653 _aАлександър Геров
653 _aбългарска литература
653 _aкритика
852 _aЦб 216991
856 4 _qpdf
_u
856 4 _qpdf
_u
942 _cKNG
_n0
944 _aCR
_c08.12.2003
_k
_lCRON CRON
944 _aED
_c29.11.2004
_k
999 _c104336
_d104336